000
00263nam a2200109Ia 4500
008
200302s9999 xx 000 0 und d
100
_a
Christine Niven & Others
245
_a
South India
260
_b
Lonely Planet Publications
260
_c
1998
300
_a
689 P.,
999
_c
1084
_d
1084